[Event "46th Greek Team Championship"]
[Site "chess24.com"]
[Date "2018.07.15"]
[Round "7"]
[White "Barski, Radoslaw"]
[Black "Pappas, Apostolos"]
[Result "1-0"]
[Board "2"]
[WhiteElo "2431"]
[WhiteTitle "IM"]
[WhiteCountry "POL"]
[WhiteFideId "1131710"]
[WhiteEloChange "1"]
[BlackElo "2034"]
[BlackCountry "GRE"]
[BlackFideId "25840258"]
[BlackEloChange "-2"]

1. e4 {[%clk 1:30:52]} c5 {[%clk 1:30:52]} 2. Nf3 {[%clk 1:31:15]} d6 {[%clk
1:31:17]} 3. Bb5+ {[%clk 1:30:56]} Nd7 {[%clk 1:31:46]} 4. O-O {[%clk 1:31:16]}
Nf6 {[%clk 1:32:06]} 5. Re1 {[%clk 1:31:39]} a6 {[%clk 1:32:18]} 6. Bd3 {[%clk
1:31:41]} g6 {[%clk 1:32:42]} 7. c3 {[%clk 1:32:01]} Bg7 {[%clk 1:33:07]} 8. Bc2
{[%clk 1:32:21]} O-O {[%clk 1:33:25]} 9. d4 {[%clk 1:30:38]} e5 {[%clk 1:32:01]}
10. d5 {[%clk 1:29:57]} b5 {[%clk 1:32:13]} 11. a4 {[%clk 1:29:46]} Nb6 {[%clk
1:31:31]} 12. axb5 {[%clk 1:21:45]} axb5 {[%clk 1:32:15]} 13. Rxa8 {[%clk
1:22:12]} Nxa8 {[%clk 1:32:39]} 14. Na3 {[%clk 1:22:39]} Nc7 {[%clk 1:32:57]} 15.
Bd3 {[%clk 1:21:15]} Bd7 {[%clk 1:26:46]} 16. Qe2 {[%clk 1:13:25]} Qb8 {[%clk
1:25:02]} 17. h3 {[%clk 1:00:17]} Nh5 {[%clk 1:15:05]} 18. b4 {[%clk 0:52:59]} c4
{[%clk 1:14:48]} 19. Bb1 {[%clk 0:53:24]} Qc8 {[%clk 1:10:59]} 20. Nh2 {[%clk
0:46:53]} Nf4 {[%clk 1:10:07]} 21. Bxf4 {[%clk 0:46:25]} exf4 {[%clk 1:10:29]}
22. Qd2 {[%clk 0:46:52]} Bxh3 {[%clk 1:07:38]} 23. gxh3 {[%clk 0:46:54]} Qxh3
{[%clk 1:08:01]} 24. f3 {[%clk 0:46:38]} g5 {[%clk 0:59:00]} 25. Nc2 {[%clk
0:38:29]} Re8 {[%clk 0:56:54]} 26. Re2 {[%clk 0:35:44]} h5 {[%clk 0:54:08]} 27.
Rg2 {[%clk 0:34:55]} Re5 {[%clk 0:50:32]} 28. Nd4 {[%clk 0:33:20]} Bf6 {[%clk
0:37:28]} 29. Nf1 {[%clk 0:21:21]} h4 {[%clk 0:34:41]} 30. Nh2 {[%clk 0:19:29]}
Bg7 {[%clk 0:31:38]} 31. Nc6 {[%clk 0:17:50]} 1-0

[Event "46th Greek Team Championship"]
[Site "chess24.com"]
[Date "2018.07.15"]
[Round "7"]
[White "Petrakis, Stylianos"]
[Black "Sidiropoulos, Vasilis"]
[Result "1-0"]
[Board "4"]
[WhiteElo "2024"]
[WhiteCountry "GRE"]
[WhiteFideId "4252764"]
[WhiteEloChange "2"]
[BlackElo "1310"]
[BlackCountry "GRE"]
[BlackFideId "25802496"]
[BlackEloChange "-2"]

1. e4 {[%clk 1:30:56]} e5 {[%clk 1:30:52]} 2. Nf3 {[%clk 1:31:15]} Nc6 {[%clk
1:31:18]} 3. d4 {[%clk 1:31:25]} exd4 {[%clk 1:31:43]} 4. Bc4 {[%clk 1:31:41]}
Bc5 {[%clk 1:32:05]} 5. Ng5 {[%clk 1:28:54]} Nh6 {[%clk 1:32:22]} 6. Nxf7 {[%clk
1:29:14]} Nxf7 {[%clk 1:32:47]} 7. Bxf7+ {[%clk 1:29:39]} Kxf7 {[%clk 1:33:12]}
8. Qh5+ {[%clk 1:30:04]} Kf8 {[%clk 1:33:54]} 9. Qxc5+ {[%clk 1:30:51]} Qe7
{[%clk 1:34:18]} 10. Qxe7+ {[%clk 1:30:28]} Kxe7 {[%clk 1:34:42]} 11. c3 {[%clk
1:29:44]} Rf8 {[%clk 1:18:34]} 12. O-O {[%clk 1:29:33]} d6 {[%clk 1:18:49]} 13.
Bg5+ {[%clk 1:29:15]} Kf7 {[%clk 1:19:10]} 14. Rd1 {[%clk 1:28:38]} dxc3 {[%clk
1:18:11]} 15. Nxc3 {[%clk 1:29:00]} Kg8 {[%clk 1:17:22]} 16. h3 {[%clk 1:22:29]}
Be6 {[%clk 1:14:09]} 17. Be3 {[%clk 1:21:25]} a6 {[%clk 1:13:14]} 18. Rd2 {[%clk
1:16:50]} Ne5 {[%clk 1:10:51]} 19. b3 {[%clk 1:16:41]} h6 {[%clk 0:54:19]} 20. f4
{[%clk 1:16:04]} Nc6 {[%clk 0:54:38]} 21. Re1 {[%clk 1:13:48]} Rae8 {[%clk
0:53:05]} 22. Rf2 {[%clk 1:12:01]} Nb4 {[%clk 0:49:46]} 23. Ree2 {[%clk 1:11:46]}
d5 {[%clk 0:39:53]} 24. Bc5 {[%clk 1:07:15]} Nd3 {[%clk 0:39:45]} 25. Bxf8 {[%clk
1:07:38]} Nxf2 {[%clk 0:40:09]} 26. Kxf2 {[%clk 1:07:48]} Rxf8 {[%clk 0:40:19]}
27. exd5 {[%clk 1:08:14]} Bd7 {[%clk 0:39:51]} 28. Kg3 {[%clk 1:08:27]} Kf7
{[%clk 0:36:24]} 29. Re5 {[%clk 1:08:10]} Rd8 {[%clk 0:32:41]} 30. Kf3 {[%clk
1:05:12]} c6 {[%clk 0:32:02]} 31. d6 {[%clk 1:04:07]} Be6 {[%clk 0:32:18]} 32. f5
{[%clk 1:04:24]} Bc8 {[%clk 0:30:45]} 33. Ne4 {[%clk 1:02:38]} Rd7 {[%clk
0:26:22]} 34. g4 {[%clk 1:01:06]} Kf8 {[%clk 0:25:03]} 35. h4 {[%clk 0:59:25]}
Kf7 {[%clk 0:25:14]} 36. Kf4 {[%clk 0:59:24]} Kf8 {[%clk 0:24:09]} 37. g5 {[%clk
0:59:39]} Kf7 {[%clk 0:21:12]} 38. f6 {[%clk 0:58:01]} gxf6 {[%clk 0:17:21]} 39.
gxf6 {[%clk 0:58:14]} Kf8 {[%clk 0:17:24]} 40. Re7 {[%clk 1:26:57]} b6 {[%clk
0:47:17]} 41. Ke5 {[%clk 1:27:06]} c5 {[%clk 0:47:15]} 42. Nc3 {[%clk 1:26:44]}
b5 {[%clk 0:40:41]} 43. Nd5 {[%clk 1:22:45]} Rxe7+ {[%clk 0:39:01]} 44. dxe7+
{[%clk 1:21:55]} Kf7 {[%clk 0:38:26]} 45. Kd6 {[%clk 1:22:15]} c4 {[%clk
0:38:11]} 46. bxc4 {[%clk 1:22:26]} bxc4 {[%clk 0:38:23]} 47. Nc7 {[%clk
1:22:42]} c3 {[%clk 0:37:51]} 48. e8Q+ {[%clk 1:23:05]} Kxf6 {[%clk 0:38:14]} 49.
Qe5+ {[%clk 1:21:47]} Kg6 {[%clk 0:37:30]} 50. h5+ {[%clk 1:22:05]} Kf7 {[%clk
0:37:29]} 51. Qe7+ {[%clk 1:22:30]} Kg8 {[%clk 0:37:51]} 52. Ne8 {[%clk 1:22:56]}
1-0

[Event "46th Greek Team Championship"]
[Site "chess24.com"]
[Date "2018.07.15"]
[Round "7"]
[White "Tzagarakis, Panagiotis"]
[Black "Eleftheriou, Georgios"]
[Result "1-0"]
[Board "8"]
[WhiteElo "1573"]
[WhiteCountry "GRE"]
[WhiteFideId "25806009"]
[WhiteEloChange "12"]
[BlackElo "1659"]
[BlackCountry "GRE"]
[BlackFideId "4299612"]
[BlackEloChange "-12"]

1. e4 {[%clk 1:30:58]} c6 {[%clk 1:30:42]} 2. d4 {[%clk 1:31:24]} d5 {[%clk
1:31:04]} 3. e5 {[%clk 1:31:50]} Bf5 {[%clk 1:31:26]} 4. h4 {[%clk 1:32:13]} h5
{[%clk 1:31:41]} 5. Bd3 {[%clk 1:32:37]} Bxd3 {[%clk 1:31:43]} 6. Qxd3 {[%clk
1:33:01]} e6 {[%clk 1:32:04]} 7. Bg5 {[%clk 1:33:26]} Qa5+ {[%clk 1:32:15]} 8.
Nd2 {[%clk 1:33:49]} Ne7 {[%clk 1:29:25]} 9. Nf3 {[%clk 1:27:29]} Qa6 {[%clk
1:29:33]} 10. c4 {[%clk 1:26:18]} dxc4 {[%clk 1:27:43]} 11. Nxc4 {[%clk 1:26:19]}
Nd5 {[%clk 1:27:08]} 12. O-O {[%clk 1:21:12]} Nd7 {[%clk 1:22:26]} 13. Nfd2
{[%clk 0:59:18]} Nb4 {[%clk 1:16:11]} 14. Qb3 {[%clk 0:50:50]} Nb6 {[%clk
1:14:25]} 15. Nd6+ {[%clk 0:45:14]} Bxd6 {[%clk 1:14:46]} 16. exd6 {[%clk
0:45:37]} N4d5 {[%clk 1:11:45]} 17. f4 {[%clk 0:40:29]} f6 {[%clk 1:02:47]} 18.
f5 {[%clk 0:28:22]} O-O-O {[%clk 0:50:49]} 19. fxe6 {[%clk 0:21:02]} fxg5 {[%clk
0:44:38]} 20. Ne4 {[%clk 0:16:45]} Qc4 {[%clk 0:36:13]} 21. d7+ {[%clk 0:15:05]}
Kb8 {[%clk 0:36:31]} 22. Qxc4 {[%clk 0:13:39]} Nxc4 {[%clk 0:36:51]} 23. hxg5
{[%clk 0:08:54]} Kc7 {[%clk 0:35:29]} 24. Rf7 {[%clk 0:06:50]} Nd6 {[%clk
0:35:20]} 25. Nxd6 {[%clk 0:05:51]} Kxd6 {[%clk 0:35:42]} 26. Re1 {[%clk
0:06:09]} Rhg8 {[%clk 0:26:31]} 27. Kh2 {[%clk 0:02:51]} Ne7 {[%clk 0:26:12]} 28.
Kg1 {[%clk 0:02:39]} g6 {[%clk 0:24:12]} 29. Kh2 {[%clk 0:02:15]} Rgf8 {[%clk
0:17:39]} 30. Rf6 {[%clk 0:02:18]} Kd5 {[%clk 0:14:46]} 31. Kg1 {[%clk 0:01:59]}
Kxd4 {[%clk 0:14:14]} 32. Rf7 {[%clk 0:02:11]} Nd5 {[%clk 0:12:28]} 33. Rxf8
{[%clk 0:02:25]} Rxf8 {[%clk 0:12:44]} 34. Rd1+ {[%clk 0:02:47]} Ke5 {[%clk
0:12:24]} 35. Rxd5+ {[%clk 0:03:10]} 1-0

[Event "46th Greek Team Championship"]
[Site "chess24.com"]
[Date "2018.07.15"]
[Round "7"]
[White "Tzachristas, Georgios"]
[Black "Rousos, Stamatios"]
[Result "0-1"]
[Board "9"]
[WhiteElo "1191"]
[WhiteCountry "GRE"]
[WhiteFideId "25838326"]
[WhiteEloChange "-2"]
[BlackElo "1700"]
[BlackCountry "GRE"]
[BlackFideId "4277007"]
[BlackEloChange "2"]

1. e4 {[%clk 1:30:49]} c5 {[%clk 1:30:50]} 2. Nc3 {[%clk 1:31:09]} e6 {[%clk
1:30:19]} 3. f4 {[%clk 1:31:18]} Nc6 {[%clk 1:30:17]} 4. Nf3 {[%clk 1:31:32]} a6
{[%clk 1:29:58]} 5. d3 {[%clk 1:28:27]} d5 {[%clk 1:29:53]} 6. Be2 {[%clk
1:26:52]} Be7 {[%clk 1:30:01]} 7. O-O {[%clk 1:26:30]} Nf6 {[%clk 1:30:02]} 8. e5
{[%clk 1:25:13]} Nd7 {[%clk 1:30:04]} 9. Qe1 {[%clk 1:24:15]} O-O {[%clk
1:29:14]} 10. Qg3 {[%clk 1:16:00]} f5 {[%clk 1:28:22]} 11. Qh3 {[%clk 1:08:36]}
d4 {[%clk 1:26:15]} 12. Nb1 {[%clk 1:06:16]} Nb4 {[%clk 1:25:57]} 13. Bd1 {[%clk
1:04:09]} b5 {[%clk 1:23:09]} 14. a3 {[%clk 0:57:29]} Nd5 {[%clk 1:21:25]} 15. g4
{[%clk 0:44:10]} Qb6 {[%clk 1:14:08]} 16. Kh1 {[%clk 0:37:43]} Bb7 {[%clk
1:13:47]} 17. Rg1 {[%clk 0:34:04]} c4 {[%clk 1:11:56]} 18. gxf5 {[%clk 0:28:19]}
Rxf5 {[%clk 1:11:31]} 19. Qh6 {[%clk 0:15:51]} g6 {[%clk 1:05:35]} 20. Bd2 {[%clk
0:12:59]} Ne3 {[%clk 1:03:21]} 21. Bxe3 {[%clk 0:12:19]} dxe3 {[%clk 1:02:30]}
22. Be2 {[%clk 0:10:53]} Nxe5 {[%clk 1:01:42]} 23. Rg3 {[%clk 0:09:55]} Nxf3
{[%clk 1:01:23]} 24. Bxf3 {[%clk 0:09:58]} Bxf3+ {[%clk 1:01:47]} 25. Rxf3 {[%clk
0:10:24]} Rh5 {[%clk 1:02:13]} 26. Qxh5 {[%clk 0:10:11]} gxh5 {[%clk 1:02:38]}
27. Nc3 {[%clk 0:10:21]} Qc6 {[%clk 1:01:59]} 28. Kg2 {[%clk 0:09:51]} Kf7 {[%clk
1:02:10]} 29. Rf1 {[%clk 0:10:01]} Rg8+ {[%clk 1:02:29]} 30. Kh3 {[%clk 0:10:19]}
cxd3 {[%clk 1:01:15]} 31. cxd3 {[%clk 0:10:41]} Ke8 {[%clk 0:57:33]} 32. Ne2
{[%clk 0:10:12]} Qd5 {[%clk 0:57:37]} 33. Ng3 {[%clk 0:09:57]} e2 {[%clk
0:57:59]} 0-1

[Event "46th Greek Team Championship"]
[Site "chess24.com"]
[Date "2018.07.15"]
[Round "7"]
[White "Drakopoulos, Polihronis"]
[Black "Konstantelias, Konstantinos"]
[Result "0-1"]
[Board "2"]
[WhiteElo "2105"]
[WhiteCountry "GRE"]
[WhiteFideId "4232984"]
[WhiteEloChange "-14"]
[BlackElo "1942"]
[BlackCountry "GRE"]
[BlackFideId "4209680"]
[BlackEloChange "14"]

1. e4 {[%clk 1:30:00]} d5 {[%clk 1:30:54]} 2. exd5 {[%clk 1:30:25]} Qxd5 {[%clk
1:31:19]} 3. Nc3 {[%clk 1:30:48]} Qa5 {[%clk 1:31:40]} 4. Bc4 {[%clk 1:31:02]}
Nf6 {[%clk 1:32:04]} 5. d3 {[%clk 1:31:03]} c6 {[%clk 1:32:03]} 6. Qe2 {[%clk
1:29:50]} Bf5 {[%clk 1:31:08]} 7. Bd2 {[%clk 1:29:30]} e6 {[%clk 1:23:05]} 8. h3
{[%clk 1:19:33]} h5 {[%clk 1:21:34]} 9. O-O-O {[%clk 1:13:16]} Qc7 {[%clk
0:57:51]} 10. Nf3 {[%clk 1:01:25]} b5 {[%clk 0:54:16]} 11. Bb3 {[%clk 0:57:13]}
b4 {[%clk 0:50:59]} 12. Ne4 {[%clk 0:45:40]} Bxe4 {[%clk 0:50:30]} 13. dxe4
{[%clk 0:45:58]} a5 {[%clk 0:49:43]} 14. g4 {[%clk 0:29:30]} g6 {[%clk 0:43:04]}
15. Ng5 {[%clk 0:25:28]} Nbd7 {[%clk 0:35:48]} 16. f4 {[%clk 0:22:06]} Nc5 {[%clk
0:32:10]} 17. Bc4 {[%clk 0:20:15]} Bh6 {[%clk 0:32:00]} 18. f5 {[%clk 0:12:04]}
Qe5 {[%clk 0:20:00]} 19. Nf3 {[%clk 0:04:07]} Bxd2+ {[%clk 0:19:54]} 20. Rxd2
{[%clk 0:04:00]} Qxe4 {[%clk 0:19:58]} 21. fxe6 {[%clk 0:03:54]} hxg4 {[%clk
0:13:04]} 22. exf7+ {[%clk 0:02:59]} Kf8 {[%clk 0:13:05]} 23. Qf2 {[%clk
0:02:18]} Qxc4 {[%clk 0:09:31]} 24. Ne5 {[%clk 0:02:00]} Qxa2 {[%clk 0:06:46]}
25. Qxc5+ {[%clk 0:00:57]} Kg7 {[%clk 0:07:10]} 26. f8Q+ {[%clk 0:00:45]} Rhxf8
{[%clk 0:05:34]} 27. Re2 {[%clk 0:00:33]} Qa1+ {[%clk 0:03:42]} 28. Kd2 {[%clk
0:01:02]} Rad8+ {[%clk 0:04:01]} 29. Ke3 {[%clk 0:01:11]} Nd5+ {[%clk 0:03:03]}
30. Qxd5 {[%clk 0:00:34]} Rxd5 {[%clk 0:03:26]} 31. Rxa1 {[%clk 0:01:01]} Rxe5+
{[%clk 0:03:52]} 32. Kd2 {[%clk 0:01:25]} Rd8+ {[%clk 0:03:30]} 33. Ke1 {[%clk
0:01:48]} Rde8 {[%clk 0:03:52]} 34. Rxe5 {[%clk 0:02:04]} Rxe5+ {[%clk 0:04:18]}
35. Kf2 {[%clk 0:02:26]} gxh3 {[%clk 0:04:40]} 36. Kg3 {[%clk 0:02:51]} Rh5
{[%clk 0:04:55]} 37. Kh2 {[%clk 0:03:18]} Kf6 {[%clk 0:05:17]} 38. Ra4 {[%clk
0:02:52]} Rc5 {[%clk 0:05:01]} 39. Kxh3 {[%clk 0:02:53]} Rxc2 {[%clk 0:05:25]}
40. Rxa5 {[%clk 0:33:12]} Rxb2 {[%clk 0:35:50]} 41. Rc5 {[%clk 0:33:22]} Rb3+
{[%clk 0:36:11]} 42. Kg4 {[%clk 0:33:41]} Rc3 {[%clk 0:36:31]} 43. Ra5 {[%clk
0:34:08]} c5 {[%clk 0:36:51]} 44. Ra6+ {[%clk 0:34:29]} Ke5 {[%clk 0:37:16]} 45.
Rxg6 {[%clk 0:34:48]} b3 {[%clk 0:37:38]} 46. Rb6 {[%clk 0:35:09]} c4 {[%clk
0:38:03]} 47. Rb5+ {[%clk 0:35:03]} Kd4 {[%clk 0:38:26]} 48. Kf4 {[%clk 0:35:30]}
Rc1 {[%clk 0:38:47]} 49. Kf3 {[%clk 0:35:46]} Kc3 {[%clk 0:39:09]} 50. Ke2 {[%clk
0:35:39]} b2 {[%clk 0:39:32]} 0-1

[Event "46th Greek Team Championship"]
[Site "chess24.com"]
[Date "2018.07.15"]
[Round "7"]
[White "Koutsidis, Achilleas"]
[Black "Symeonidis, Theofilos"]
[Result "0-1"]
[Board "8"]
[WhiteElo "1743"]
[WhiteCountry "GRE"]
[WhiteFideId "4243080"]
[WhiteEloChange "-14"]
[BlackElo "1605"]
[BlackCountry "GRE"]
[BlackFideId "25873806"]
[BlackEloChange "14"]

1. d4 {[%clk 1:30:54]} Nf6 {[%clk 1:30:54]} 2. c4 {[%clk 1:31:14]} e6 {[%clk
1:30:34]} 3. Nc3 {[%clk 1:31:28]} Bb4 {[%clk 1:28:43]} 4. e3 {[%clk 1:31:38]} O-O
{[%clk 1:28:23]} 5. Bd3 {[%clk 1:31:03]} c5 {[%clk 1:28:11]} 6. Ne2 {[%clk
1:30:26]} b6 {[%clk 1:22:19]} 7. O-O {[%clk 1:29:09]} d5 {[%clk 1:20:27]} 8. cxd5
{[%clk 1:15:08]} exd5 {[%clk 1:19:33]} 9. dxc5 {[%clk 1:04:15]} Bxc5 {[%clk
1:11:49]} 10. Nf4 {[%clk 0:58:09]} Bb7 {[%clk 1:10:45]} 11. Nh5 {[%clk 0:56:56]}
Nbd7 {[%clk 1:02:41]} 12. Nb5 {[%clk 0:55:16]} Nxh5 {[%clk 0:58:30]} 13. Qxh5
{[%clk 0:55:22]} Nf6 {[%clk 0:58:23]} 14. Qf5 {[%clk 0:55:11]} Re8 {[%clk
0:52:24]} 15. b4 {[%clk 0:46:57]} g6 {[%clk 0:47:49]} 16. Qf4 {[%clk 0:36:43]}
Be7 {[%clk 0:36:44]} 17. Bb2 {[%clk 0:27:40]} a6 {[%clk 0:30:49]} 18. Bxf6 {[%clk
0:24:39]} Bxf6 {[%clk 0:27:50]} 19. Nd4 {[%clk 0:24:58]} Be5 {[%clk 0:22:56]} 20.
Qf3 {[%clk 0:24:28]} Qd6 {[%clk 0:20:19]} 21. g3 {[%clk 0:23:41]} Qxb4 {[%clk
0:17:20]} 22. Rab1 {[%clk 0:23:05]} Qd6 {[%clk 0:16:39]} 23. Qg4 {[%clk 0:17:45]}
Bc8 {[%clk 0:12:50]} 24. Qd1 {[%clk 0:17:36]} Bh3 {[%clk 0:12:27]} 25. Re1 {[%clk
0:17:59]} Qf6 {[%clk 0:10:17]} 26. Bf1 {[%clk 0:14:32]} Bxf1 {[%clk 0:10:32]} 27.
Rxf1 {[%clk 0:14:42]} Bxd4 {[%clk 0:10:28]} 28. exd4 {[%clk 0:14:45]} Re4 {[%clk
0:10:15]} 29. Rb4 {[%clk 0:13:31]} a5 {[%clk 0:09:32]} 30. f3 {[%clk 0:13:42]}
axb4 {[%clk 0:05:13]} 31. fxe4 {[%clk 0:13:58]} Qe6 {[%clk 0:04:51]} 32. e5
{[%clk 0:09:00]} Rxa2 {[%clk 0:04:41]} 33. Qb3 {[%clk 0:09:20]} Re2 {[%clk
0:03:55]} 34. Qxb4 {[%clk 0:09:06]} Qh3 {[%clk 0:03:34]} 35. Rf2 {[%clk 0:09:28]}
Rxf2 {[%clk 0:03:28]} 36. Kxf2 {[%clk 0:09:56]} Qxh2+ {[%clk 0:03:43]} 37. Kf3
{[%clk 0:10:20]} Qh1+ {[%clk 0:04:02]} 38. Kf2 {[%clk 0:10:43]} Qh2+ {[%clk
0:03:55]} 39. Kf3 {[%clk 0:11:07]} Qh5+ {[%clk 0:04:03]} 40. Kf2 {[%clk 0:40:36]}
Qf5+ {[%clk 0:34:03]} 41. Kg2 {[%clk 0:40:59]} Qc2+ {[%clk 0:30:12]} 42. Kh3
{[%clk 0:40:58]} Qc6 {[%clk 0:25:49]} 43. Kg2 {[%clk 0:40:54]} b5 {[%clk
0:24:21]} 44. Qe7 {[%clk 0:33:06]} Qc2+ {[%clk 0:21:55]} 45. Kh3 {[%clk 0:33:31]}
Qf5+ {[%clk 0:21:47]} 46. Kg2 {[%clk 0:34:00]} Qe4+ {[%clk 0:21:20]} 47. Kh2
{[%clk 0:34:28]} Qxd4 {[%clk 0:16:09]} 48. Qd8+ {[%clk 0:34:45]} Kg7 {[%clk
0:16:34]} 49. Qf6+ {[%clk 0:35:08]} Kh6 {[%clk 0:13:25]} 50. Qxf7 {[%clk
0:35:19]} Qxe5 {[%clk 0:13:05]} 51. Qf8+ {[%clk 0:35:27]} Kg5 {[%clk 0:12:17]}
52. Qd8+ {[%clk 0:35:45]} Kg4 {[%clk 0:09:26]} 53. Qh4+ {[%clk 0:35:30]} Kf3
{[%clk 0:09:12]} 0-1